000
00341nam a2200133Ia 4500
008
100328s9999 xx 000 0 und d
082
_b
60821
100
_a
काकडे द.स.
245
_a
घरभेदी.
260
_b
पार्टनर.
630
_a
घरभेदी.
730
_a
घरभेदी.
942
_c
BOOK
999
_c
546939
_d
546936